Представление документа в формате RUSMARC

ПолеНазваниеЗначение
  Тип записи a
  Библиографический уровень m
001 Контрольный номер RU/IS/BASE/540574165
005 Дата корректировки 20240209174712.6
010 Индекс ISBN __
a ISBN 978-5-496-01443-4
b Уточнения в пер.
d Цена 188 р. 58 к.
9 Тираж 3 000 экз.
100 Данные общей обработки __
a Данные общей обработки 20170216d2017 ||| 0rusy0189 ca
101 Язык документа 0_
a Язык текста rus
102 Страна публикации __
a Страна публикации RU
105 Кодированные данные (монография) __
a Кодированные данные (монография) y###||||000|y
200 Заглавие и сведения об ответственности 1_
a Заглавие Дни. Россия в революции 1917
b Общее обозначение материала Текст
f Первые сведения об ответственности В. В. Шульгин
g Последующие сведения об ответственности предисл. Н. Старикова
210 Выходные данные 1_
a Место издания Санкт-Петербург
c Издательство Питер
d Дата издания 2015
215 Физическое описание __
a Объем 281, [1] с.
d Формат 21 см.
225 Серия 0_
a Серия Николай Стариков рекомендует прочитать
300 Общие примечания __
a Общие примечания Ограничения по возрасту - 16+
606 Тематические рубрики 0_
a Основная рубрика История России. Период капитализма - Революции
610 Ключевые слова 0_
a Ключевые слова история
a Ключевые слова революции
a Ключевые слова перевороты государственные
a Ключевые слова патриоты
a Ключевые слова националисты русские
a Ключевые слова воспоминания
a Ключевые слова мемуары
686 Индексы других классификаций __
a Классификационный индекс 63.3(2)524
2 Код системы ББК
700 Автор _0
a Фамилия Шульгин
b Имя (инициалы) Василий Витальевич
g Полное личное имя В. В.
801 Источник записи _0
a Страна RU
b Организация МБУК ЦБС
c Дата составления 20170216
g Правила каталогизации RCR
801 Источник записи _1
a Страна RU
b Организация МБУК ЦБС г. Ульяновска
c Дата составления 20170216
g Правила каталогизации RCR
899 Данные о местонахождении __
i Авторский знак Ш 95
j Расстановочный фильтр 63.3(2)5
901 Тип документа __
t Тип документа m
910 Корректоры записи __
a Корректор записи Тургенева